000
00245nam a2200097Ia 4500
001
689873
005
20250826161805.0
008
250824s9999 xx 000 0 und d
245
0
_a
MAZİYE BİR BAKIVER
_c
DURSUN GÜRLEK
260
_b
TİMAŞ YAYINLARI
999
_c
689873
_d
689873